Statistiques concernant Typage Rapide Z à A

Cliquez ici pour prendre le quiz!

Statistiques générales

  • Ce quiz a été pris 76 128 fois
  • Le résultat moyen est 8 sur 26

Statistiques - réponses

Lettre% Correct
Z
98%
Y
88%
X
83%
W
77%
V
68%
U
61%
T
54%
S
49%
R
42%
Q
32%
P
27%
O
23%
N
19%
M
18%
L
15%
K
12%
J
10%
I
8%
H
7%
G
6%
A
6%
F
5%
E
5%
D
5%
C
5%
B
5%

Distribution des résultats

Percentile par nombre de réponses

% des personnes avec chaque résultat

Votre développement - résultats

Vous n’avez pas pris ce quiz